[Event "29th Czech Open A 2018"]
[Site "Pardubice CZE"]
[Date "2018.07.24"]
[Round "5.41"]
[White "Vogel, Roven"]
[Black "Ilic, Zoran S"]
[Result "1-0"]
[WhiteTitle "IM"]
[BlackTitle "IM"]
[WhiteElo "2462"]
[BlackElo "2303"]
[WhiteFideId "12908088"]
[BlackFideId "901733"]
[EventDate "2018.07.20"]

1. Nf3 c5 2. c4 Nc6 3. Nc3 g6 4. e3 Bg7 5. d4 d6 6. Be2 cxd4 7. exd4 Bg4 8. O-O
Nh6 9. d5 Bxf3 10. Bxf3 Ne5 11. Be2 Nf5 12. Bd2 h5 13. Ne4 Qb6 14. b4 Nd7 15. c5
dxc5 16. bxc5 Qc7 17. d6 exd6 18. cxd6 Qc6 19. Bf3 Qa6 20. Ng3 Nxg3 21. Re1+ Be5
22. Bc3 O-O 23. Bxe5 Nxe5 24. Rxe5 Nf5 25. d7 Rad8 26. Qd2 Qf6 27. Rae1 Ng7 28.
Bxb7 Rb8 29. Bd5 Nf5 30. Bb3 Kg7 31. Rd5 Rfd8 32. Rd1 Rb7 33. Qa5 Qe7 34. Qc3+
Qf6 35. Qc5 Rb6 36. Qc7 a6 37. h3 Rbb8 38. Rc5 Rb6 39. Qxd8 1-0

[Event "29th Czech Open A 2018"]
[Site "Pardubice CZE"]
[Date "2018.07.24"]
[Round "5.42"]
[White "Jansa, Vlastimil"]
[Black "Pauly, Carlo"]
[Result "0-1"]
[WhiteTitle "GM"]
[WhiteElo "2451"]
[BlackElo "2312"]
[WhiteFideId "300128"]
[BlackFideId "24673269"]
[EventDate "2018.07.20"]

1. e4 c5 2. Nf3 d6 3. d4 cxd4 4. Nxd4 Nf6 5. Nc3 a6 6. Be2 e5 7. Nb3 Be7 8. O-O
O-O 9. Kh1 Be6 10. f4 Nc6 11. f5 Bxb3 12. axb3 Nd4 13. Bg5 Nxe2 14. Qxe2 Nd7 15.
Bxe7 Qxe7 16. Nd5 Qh4 17. f6 g6 18. b4 Kh8 19. Ra3 Rfc8 20. Qd2 g5 21. Qe2 g4
22. Rd3 Rg8 23. g3 Qg5 24. c3 Rg6 25. Rf5 Qh6 26. Qf1 a5 27. Rd1 axb4 28. cxb4
Ra2 29. Qf2 Rg8 30. Qc2 Rga8 31. Rff1 Qf8 32. Rc1 Qh6 33. Qe2 Qg6 34. Rce1 Qh6
35. Qc2 Nf8 36. Ne3 Qg6 37. Nc4 Ne6 38. Nxd6 Nd4 39. Qc4 Kg8 40. Nc8 Qh6 41.
Ne7+ Kh8 42. Qxf7 Rxb2 43. Qg7+ Qxg7 44. fxg7+ Kxg7 45. Nf5+ Kg6 46. Nxd4 exd4
47. Rf4 h5 48. Ref1 Ra6 49. e5 d3 50. Kg1 Re2 51. Rd1 d2 52. Kf1 Rxh2 53. Re4
Kf5 54. Re3 Rc6 55. Kg1 Rc1 56. Kxh2 Rxd1 57. Rd3 Kxe5 58. b5 Ke4 59. Rd8 Ke3
60. Re8+ Kd3 61. Rd8+ Kc3 62. Rc8+ Kb2 63. Rd8 Rc1 0-1

[Event "29th Czech Open A 2018"]
[Site "Pardubice CZE"]
[Date "2018.07.24"]
[Round "5.44"]
[White "Haria, Ravi"]
[Black "Punin, Andrii"]
[Result "0-1"]
[WhiteTitle "IM"]
[BlackTitle "FM"]
[WhiteElo "2440"]
[BlackElo "2296"]
[WhiteFideId "415820"]
[BlackFideId "14112639"]
[EventDate "2018.07.20"]

1. Nf3 d5 2. g3 Bg4 3. Bg2 Nd7 4. h3 Bh5 5. O-O c6 6. d3 Ngf6 7. Qe1 e5 8. e4
dxe4 9. dxe4 Bc5 10. Nbd2 O-O 11. a4 Re8 12. Nc4 Nb6 13. Na5 Qc7 14. Nb3 Bf8 15.
Nh4 Nfd7 16. Nf5 f6 17. a5 Nc4 18. Qc3 Bf7 19. Rd1 b5 20. axb6 axb6 21. Rxa8
Rxa8 22. h4 b5 23. Nd2 Nxd2 24. Bxd2 Nc5 25. b3 h5 26. Be3 Ne6 27. Bh3 Kh7 28.
g4 Rd8 29. Ra1 b4 30. Qe1 c5 31. g5 Nd4 32. Bxd4 cxd4 33. gxf6 gxf6 34. Ra6 Qxc2
35. Rxf6 Bxb3 36. Kh2 Qd1 37. Rf7+ Kg6 38. Qxd1 Bxd1 39. Rb7 Ba4 40. Ng3 Be8 41.
Bf5+ Kf6 42. Rb6+ Kg7 43. Nf1 Be7 44. Kg3 Ra8 45. Nd2 Ra3+ 46. f3 Rc3 47. Rb7
Kf6 48. Kf2 d3 49. f4 exf4 50. Kf3 Bd6 51. Rh7 Bc7 52. Rh6+ Kg7 53. Rh7+ Kg8 54.
e5 Bxe5 55. Re7 Bc6+ 56. Be4 Bxe4+ 57. Kxe4 Bf6 58. Rb7 Bxh4 59. Kxf4 Rc2 60.
Ne4 d2 61. Rd7 b3 62. Nxd2 b2 63. Nb1 Rc1 64. Na3 Ra1 65. Rb7 Bf6 66. Kf5 Bc3
67. Rb8+ Kf7 68. Rb7+ Kf8 69. Rb8+ Ke7 70. Rb7+ Kd8 71. Rb8+ Kc7 0-1

[Event "29th Czech Open A 2018"]
[Site "Pardubice CZE"]
[Date "2018.07.24"]
[Round "5.45"]
[White "Kenneskog, Theodor"]
[Black "Tomczak, Mikolaj"]
[Result "1-0"]
[WhiteTitle "FM"]
[BlackTitle "FM"]
[WhiteElo "2273"]
[BlackElo "2432"]
[WhiteFideId "1715011"]
[BlackFideId "1175114"]
[EventDate "2018.07.20"]

1. e4 c5 2. Nf3 d6 3. d4 cxd4 4. Nxd4 e6 5. Nc3 a6 6. Be3 Nf6 7. f3 b5 8. Qd2
Bb7 9. O-O-O Nbd7 10. g4 h6 11. h4 b4 12. Na4 Qa5 13. b3 d5 14. Bh3 g5 15. hxg5
hxg5 16. e5 Nxe5 17. Bxg5 Nfd7 18. Qe2 Bc6 19. Bf6 Nxf6 20. Qxe5 Bxa4 21. bxa4
Rh6 22. Nxe6 fxe6 23. Qxe6+ Kd8 24. g5 b3 25. axb3 Ba3+ 26. Kb1 Qc3 27. Rxd5+
Kc7 28. Qf7+ Kc6 29. Bd7+ Kc7 30. Bf5+ Kc6 31. Rc5+ Kxc5 32. Qc7+ Kd4 33. Rd1+ 1-0

[Event "29th Czech Open A 2018"]
[Site "Pardubice CZE"]
[Date "2018.07.24"]
[Round "5.46"]
[White "Malakhov, Igor"]
[Black "Mosesov, Danylo"]
[Result "1-0"]
[WhiteTitle "IM"]
[BlackTitle "FM"]
[WhiteElo "2431"]
[BlackElo "2282"]
[WhiteFideId "4183088"]
[BlackFideId "14149494"]
[EventDate "2018.07.20"]

1. e4 c5 2. Nf3 e6 3. d4 cxd4 4. Nxd4 Nf6 5. Nc3 d6 6. f4 a6 7. Qf3 Qc7 8. Bd3
Nc6 9. Nb3 b5 10. e5 dxe5 11. fxe5 Qxe5+ 12. Be3 Bb7 13. O-O-O Na5 14. Qh3 Nxb3+
15. axb3 Bc5 16. Bd2 O-O-O 17. Rhf1 Rd7 18. g4 Qc7 19. g5 Nd5 20. Nxd5 Bxd5 21.
Bc3 Kb7 22. Bxg7 Rc8 23. Bc3 Bd6 24. Kb1 Bxh2 25. Qxh7 f6 26. Qg6 fxg5 27. Qxg5
Bd6 28. Qe3 Qc6 29. Rf6 Bc5 30. Qe2 Be7 31. Rff1 Bc5 32. Be5 b4 33. Rf4 Rg8 34.
Rdf1 Bg2 35. Re1 Bd5 36. Rg4 Rf8 37. Rf1 Rdf7 38. Rxf7+ Rxf7 39. Rg8 Bd6 40. Qh5
Re7 41. Qg5 Rd7 42. Bxd6 Qxd6 43. Rh8 Ka7 44. Qg8 Bb7 45. Rh4 Bd5 46. Qg1+ Ka8
47. Rh8+ Kb7 48. Qg8 Ka7 49. Bc4 Be4 50. Ka2 Qb6 51. Bd3 Bd5 52. Rh7 Rxh7 53.
Qxh7+ Qb7 54. Qh8 Qc7 55. Qf8 Qa5+ 56. Kb1 Qb6 57. Bc4 Bxc4 58. bxc4 a5 59. Qe7+
Ka6 60. Qe8 Ka7 61. Ka2 Qd6 62. Kb3 e5 63. Qb5 Qc7 64. Qd5 Kb6 65. Qe6+ Kc5 66.
Qd5+ Kb6 67. Qb5+ Ka7 68. c3 bxc3 69. Kxc3 Qb6 70. Qxe5 Qb4+ 71. Kd3 Qb3+ 72.
Qc3 Qd1+ 73. Qd2 Qb3+ 74. Qc3 Qd1+ 75. Ke3 Qg1+ 76. Kd2 Qf2+ 77. Kc1 Ka6 78. Qd3
Qf4+ 79. Kc2 a4 80. Kb1 Qe5 81. Ka2 Kb6 82. Qd5 Qe8 83. Qd6+ Ka5 84. Qc5+ Ka6
85. Ka3 Qd7 86. Qb4 Qd3+ 87. Kxa4 Qd1+ 88. Ka3 Qa1+ 89. Kb3 Qd1+ 90. Ka2 Qd7 91.
Qb5+ Qxb5 92. cxb5+ Kb6 93. Ka3 Ka5 94. b6 1-0

[Event "29th Czech Open A 2018"]
[Site "Pardubice CZE"]
[Date "2018.07.24"]
[Round "5.47"]
[White "Mehar, Chinna Reddy C.H."]
[Black "Bakalchuk, Johnatan"]
[Result "1-0"]
[WhiteTitle "FM"]
[BlackTitle "IM"]
[WhiteElo "2286"]
[BlackElo "2429"]
[WhiteFideId "5027420"]
[BlackFideId "2810301"]
[EventDate "2018.07.20"]

1. d4 Nf6 2. Bf4 g6 3. Nc3 Bg7 4. e4 d5 5. e5 Ne4 6. Nxe4 dxe4 7. Qd2 O-O 8.
O-O-O c5 9. dxc5 Qxd2+ 10. Rxd2 Nc6 11. f3 Bf5 12. Bc4 Be6 13. Bd5 Bxd5 14. Rxd5
e6 15. Rd7 Nxe5 16. Rxb7 Rfc8 17. Bxe5 Bxe5 18. fxe4 Rxc5 19. Nf3 Bf4+ 20. Kb1
Rc4 21. g3 Bh6 22. Re1 Rd8 23. a3 Rdc8 24. c3 R4c7 25. Rxc7 Rxc7 26. Kc2 f5 27.
exf5 exf5 28. b4 f4 29. gxf4 Bxf4 30. Re4 g5 31. c4 Kf7 32. c5 Kf6 33. h3 h5 34.
Kd3 Bc1 35. Nd4 Bxa3 36. Re6+ Kf7 37. Rh6 Kg7 38. Ra6 1-0

[Event "29th Czech Open A 2018"]
[Site "Pardubice CZE"]
[Date "2018.07.24"]
[Round "5.48"]
[White "Nazaryev, Sergey"]
[Black "Vykouk, Jan"]
[Result "0-1"]
[BlackTitle "FM"]
[WhiteElo "2269"]
[BlackElo "2419"]
[WhiteFideId "4114191"]
[BlackFideId "349658"]
[EventDate "2018.07.20"]

1. d4 Nf6 2. Nf3 g6 3. Nbd2 d5 4. g3 Bg7 5. Bg2 O-O 6. O-O b6 7. Ne5 Bb7 8. c3
Nfd7 9. Nxd7 Nxd7 10. e4 c5 11. e5 Rc8 12. f4 e6 13. Nf3 cxd4 14. cxd4 Ba6 15.
Rf2 Qc7 16. h4 Nb8 17. h5 Nc6 18. hxg6 hxg6 19. a3 Qd7 20. Bh3 Rc7 21. Kg2 Rfc8
22. g4 Ne7 23. Be3 Qb5 24. Ne1 Nc6 25. f5 Na5 26. fxe6 fxe6 27. g5 Re7 28. b4
Nc4 29. Bc1 Rf8 30. Rf6 Bxf6 31. gxf6 Nxe5 32. dxe5 Qf1+ 33. Kg3 Qg1+ 34. Bg2
Rh7 35. Bg5 Bf1 36. Qd2 Bxg2 37. Qxg2 Qd4 38. Nf3 Qxa1 39. Qc2 Qh1 40. Qxg6+ Kh8
41. f7 Rh3+ 0-1

[Event "29th Czech Open A 2018"]
[Site "Pardubice CZE"]
[Date "2018.07.24"]
[Round "5.49"]
[White "Suleymanli, Aydin"]
[Black "Drnovsek, Gal"]
[Result "1/2-1/2"]
[WhiteTitle "FM"]
[BlackTitle "IM"]
[WhiteElo "2266"]
[BlackElo "2414"]
[WhiteFideId "13413937"]
[BlackFideId "14607077"]
[EventDate "2018.07.20"]

1. d4 Nf6 2. c4 e6 3. Nf3 d5 4. Nc3 Bb4 5. Bg5 h6 6. Bxf6 Qxf6 7. e3 O-O 8. Rc1
dxc4 9. Bxc4 c5 10. O-O cxd4 11. Ne4 Qe7 12. Nxd4 Bd7 13. Qh5 Nc6 14. Nb3 Rfd8
15. a3 Bd6 16. Nxd6 Qxd6 17. Rfd1 Qe5 18. Qxe5 Nxe5 19. Be2 Ba4 20. Rxd8+ Rxd8
21. Nd4 Nc6 22. Nxc6 Bxc6 23. Bf3 Bxf3 24. gxf3 Rd2 25. b4 Ra2 26. Rc7 Rxa3 27.
Rxb7 g5 28. b5 Kg7 29. b6 axb6 30. Rxb6 h5 31. Rb5 Kg6 32. Kg2 Ra2 33. h3 f6 34.
Rb6 e5 35. Rc6 h4 36. Rb6 Kf5 37. Rc6 Ra4 38. Rc5 Kg6 39. Rc7 e4 40. Rc5 exf3+
41. Kxf3 Rb4 1/2-1/2

[Event "29th Czech Open A 2018"]
[Site "Pardubice CZE"]
[Date "2018.07.24"]
[Round "5.50"]
[White "Lalic, Bogdan"]
[Black "Claridge-Hansen, William"]
[Result "1-0"]
[WhiteTitle "GM"]
[BlackTitle "FM"]
[WhiteElo "2394"]
[BlackElo "2291"]
[WhiteFideId "409081"]
[BlackFideId "422509"]
[EventDate "2018.07.20"]

1. d4 Nf6 2. c4 e6 3. Nf3 b6 4. g3 Bb7 5. Bg2 Bb4+ 6. Bd2 c5 7. O-O O-O 8. d5
exd5 9. Bxb4 cxb4 10. Nh4 Qc7 11. cxd5 Qe5 12. Nd2 Bxd5 13. e4 Be6 14. Nhf3 Qxb2
15. e5 Ne8 16. Ng5 Nc6 17. Nxe6 fxe6 18. Nc4 Qc3 19. Rc1 Qd4 20. Qxd4 Nxd4 21.
Bxa8 Ne2+ 22. Kg2 Nxc1 23. Rxc1 Nc7 24. Bf3 Nb5 25. Rd1 Rc8 26. Nd6 Nxd6 27.
Rxd6 Rc2 28. Rxd7 Rxa2 29. Bg4 Ra5 30. Bxe6+ Kf8 31. f4 Rb5 32. Rf7+ Ke8 33.
Rxa7 1-0

[Event "29th Czech Open A 2018"]
[Site "Pardubice CZE"]
[Date "2018.07.24"]
[Round "5.51"]
[White "Maltsevskaya, Aleksandra"]
[Black "Bruedigam, Martin"]
[Result "0-1"]
[BlackTitle "IM"]
[WhiteElo "2261"]
[BlackElo "2387"]
[WhiteFideId "24174041"]
[BlackFideId "24608033"]
[EventDate "2018.07.20"]

1. d4 Nf6 2. Nf3 e6 3. c4 d5 4. g3 Bb4+ 5. Bd2 Be7 6. Bg2 O-O 7. O-O c6 8. Qc2
b6 9. b3 Nbd7 10. Rd1 Ba6 11. a4 Rc8 12. a5 c5 13. axb6 Qxb6 14. Ba5 Qb8 15. e3
cxd4 16. Nxd4 Bb7 17. Nd2 dxc4 18. bxc4 Bxg2 19. Kxg2 Ne5 20. f3 Nd5 21. Re1 Bd8
22. Qb3 Qxb3 23. N4xb3 Nxc4 24. Nxc4 Rxc4 25. Bxd8 Rxd8 26. e4 Rc2+ 27. Kh3 Nb4
28. Re3 Nc6 29. Ra6 g6 30. e5 Rd1 31. Kg4 h5+ 32. Kg5 Kg7 33. Kf4 Nb4 0-1

[Event "29th Czech Open A 2018"]
[Site "Pardubice CZE"]
[Date "2018.07.24"]
[Round "5.52"]
[White "Tsvetkov, Andrey"]
[Black "Rakesh, Kumar Jena"]
[Result "0-1"]
[WhiteTitle "CM"]
[BlackTitle "IM"]
[WhiteElo "2259"]
[BlackElo "2385"]
[WhiteFideId "34139360"]
[BlackFideId "5084822"]
[EventDate "2018.07.20"]

1. Nf3 Nf6 2. g3 b6 3. Bg2 Bb7 4. O-O g6 5. d3 Bg7 6. e4 O-O 7. Qe2 d6 8. Nbd2
Nbd7 9. c3 e5 10. Rd1 Re8 11. Nf1 a5 12. h3 Nc5 13. Ne3 Ba6 14. Qc2 Qd7 15. b4
axb4 16. cxb4 Ne6 17. Nd5 Nxd5 18. exd5 Nf4 19. gxf4 e4 20. dxe4 Bxa1 21. Nd4
Bb5 22. Qb1 Bxd4 23. Rxd4 Qe7 24. Bb2 Qf6 25. e5 Qf5 26. Re4 c6 27. exd6 cxd5
28. Rxe8+ Rxe8 29. Qxf5 Re1+ 30. Kh2 gxf5 31. Bd4 Rd1 32. Bxb6 d4 33. Bf3 Rd2
34. Kg2 d3 35. Bd5 Rb2 36. Bc4 Bc6+ 37. Kg3 Rxb4 0-1

[Event "29th Czech Open A 2018"]
[Site "Pardubice CZE"]
[Date "2018.07.24"]
[Round "5.53"]
[White "Vokac, Marek"]
[Black "Haring, Viktor"]
[Result "1-0"]
[WhiteTitle "GM"]
[BlackTitle "FM"]
[WhiteElo "2384"]
[BlackElo "2289"]
[WhiteFideId "300101"]
[BlackFideId "14919400"]
[EventDate "2018.07.20"]

1. Nf3 Nf6 2. d4 e6 3. Bg5 h6 4. Bh4 g5 5. Bg3 d6 6. h3 Nbd7 7. Nbd2 Qe7 8. e4
e5 9. dxe5 dxe5 10. Bd3 Nh5 11. Nc4 Nxg3 12. fxg3 Nc5 13. O-O Be6 14. Qe2 O-O-O
15. Rad1 h5 16. Kh2 g4 17. Nh4 Bh6 18. Nf5 Bxf5 19. Rxf5 f6 20. h4 Kb8 21. c3
Ne6 22. Bc2 Ng7 23. Rff1 Rxd1 24. Bxd1 Qd8 25. Bb3 f5 26. Nxe5 f4 27. Nf7 fxg3+
28. Kxg3 Qe8 29. Nxh8 Qxh8 30. Kh2 g3+ 31. Kxg3 Ne8 32. e5 Bg7 33. Rf5 Qh6 34.
Bf7 1-0

[Event "29th Czech Open A 2018"]
[Site "Pardubice CZE"]
[Date "2018.07.24"]
[Round "5.54"]
[White "Khaetsky, Roman"]
[Black "Lye, Lik Zang"]
[Result "0-1"]
[WhiteTitle "IM"]
[WhiteElo "2381"]
[BlackElo "2270"]
[WhiteFideId "14106221"]
[BlackFideId "5712181"]
[EventDate "2018.07.20"]

1. e4 c5 2. Nf3 d6 3. Nc3 Nf6 4. g3 Nc6 5. Bg2 g6 6. O-O Bg7 7. d3 O-O 8. h3 e5
9. Be3 Nd4 10. Kh2 h6 11. Nd2 Be6 12. f4 exf4 13. gxf4 Nh5 14. Nf3 Qb6 15. f5
Qxb2 16. fxe6 Qxc3 17. Bxd4 cxd4 18. Nh4 Be5+ 19. Kg1 Nf4 20. Rb1 Nxe6 21. Rxb7
Qc8 22. Qb1 Nf4 23. Rxf4 Bxf4 24. e5 Rb8 25. Rb3 dxe5 0-1

[Event "29th Czech Open A 2018"]
[Site "Pardubice CZE"]
[Date "2018.07.24"]
[Round "5.55"]
[White "Phadke, Sohan"]
[Black "Yelisieiev, Yevhenii"]
[Result "1/2-1/2"]
[WhiteTitle "FM"]
[BlackTitle "FM"]
[WhiteElo "2249"]
[BlackElo "2379"]
[WhiteFideId "5016223"]
[BlackFideId "14139642"]
[EventDate "2018.07.20"]

1. e4 c5 2. Nc3 a6 3. Nf3 b5 4. d4 cxd4 5. Nxd4 e6 6. Bd3 Qb6 7. Nb3 Qc7 8. O-O
Bb7 9. a3 d6 10. f4 Nf6 11. Qe2 Nbd7 12. Bd2 Be7 13. Rae1 O-O 14. Rf3 Nc5 15.
Rh3 Nxd3 16. cxd3 e5 17. f5 h6 18. Bxh6 gxh6 19. Qe3 Ng4 20. Qg3 Kh7 21. Qxg4
Rg8 22. Qe2 Bg5 23. Nd2 a5 24. Nf3 f6 25. Nxg5+ Rxg5 26. Rh5 Rxh5 27. Qxh5 Rg8
28. Qe2 b4 29. axb4 axb4 30. Nd1 d5 31. Nf2 Qc5 32. Kh1 dxe4 33. Nxe4 Bxe4 34.
dxe4 b3 35. h3 Rg7 1/2-1/2

[Event "29th Czech Open A 2018"]
[Site "Pardubice CZE"]
[Date "2018.07.24"]
[Round "5.56"]
[White "Meissner, Felix"]
[Black "Elgersma, Simon"]
[Result "1-0"]
[WhiteTitle "FM"]
[WhiteElo "2354"]
[BlackElo "2263"]
[WhiteFideId "24671827"]
[BlackFideId "1046101"]
[EventDate "2018.07.20"]

1. e4 e6 2. d4 d5 3. Bd3 dxe4 4. Bxe4 Nf6 5. Bf3 c5 6. Ne2 Nc6 7. Be3 e5 8.
Bxc6+ bxc6 9. dxe5 Qxd1+ 10. Kxd1 Ng4 11. Nd2 Nxe3+ 12. fxe3 Be6 13. Nf4 O-O-O
14. Nxe6 fxe6 15. Ke2 g5 16. Nc4 Rd5 17. c3 Bg7 18. e4 Rd7 19. Rad1 Rhd8 20.
Rxd7 Rxd7 21. Rf1 Kc7 22. Rf3 h5 23. Rh3 h4 24. Rf3 Re7 25. g3 hxg3 26. Rxg3 Bh6
27. Rh3 Bf8 28. Rf3 Bg7 29. Kf2 Bh8 30. Kg2 Bg7 31. Kg3 Bh8 32. Kg4 Rh7 33. Rh3 1-0

[Event "29th Czech Open A 2018"]
[Site "Pardubice CZE"]
[Date "2018.07.24"]
[Round "5.57"]
[White "Stoyanov, Tsvetan"]
[Black "Jedlicka, Ales"]
[Result "1-0"]
[WhiteTitle "FM"]
[BlackTitle "FM"]
[WhiteElo "2348"]
[BlackElo "2221"]
[WhiteFideId "2917173"]
[BlackFideId "304824"]
[EventDate "2018.07.20"]

1. e4 c5 2. Nf3 Nc6 3. Bb5 g6 4. O-O Bg7 5. Re1 Nf6 6. c3 O-O 7. d3 Qc7 8. Nbd2
d6 9. h3 e5 10. Nf1 a6 11. Ba4 b5 12. Bb3 Na5 13. Bc2 Bb7 14. d4 cxd4 15. cxd4
Rac8 16. Re2 exd4 17. Nxd4 Rfe8 18. Ng3 d5 19. e5 Ne4 20. Nxe4 dxe4 21. Bxe4
Bxe4 22. Rxe4 Bxe5 23. Qe1 Bh2+ 24. Kh1 Rxe4 25. Qxe4 Qe5 26. Qg4 Rd8 27. Be3 f5
28. Qg5 Re8 29. Nf3 Qxb2 30. Bd4 Qb4 31. Qf6 Qf8 32. Qh8+ Kf7 33. Qxh7+ Ke6 34.
Kxh2 1-0

[Event "29th Czech Open A 2018"]
[Site "Pardubice CZE"]
[Date "2018.07.24"]
[Round "5.58"]
[White "Nikologorsky, Matfei"]
[Black "Krykun, Yuriy"]
[Result "1-0"]
[BlackTitle "FM"]
[WhiteElo "2222"]
[BlackElo "2345"]
[WhiteFideId "24102474"]
[BlackFideId "14140667"]
[EventDate "2018.07.20"]

1. e4 e5 2. Nf3 Nc6 3. Bb5 a6 4. Ba4 Nf6 5. O-O Be7 6. d3 b5 7. Bb3 d6 8. a4 Bg4
9. c3 O-O 10. Nbd2 Na5 11. Ba2 c5 12. Re1 Qc7 13. Nf1 b4 14. Bg5 Rab8 15. Bxf6
Bxf6 16. Ne3 Be6 17. Bd5 g6 18. h4 h5 19. g3 Kg7 20. Nd2 Nc6 21. a5 Ne7 22. Bc4
Rfd8 23. Bxa6 bxc3 24. bxc3 d5 25. c4 dxe4 26. Nxe4 Nf5 27. Nxf5+ Bxf5 28. Bb5
Be7 29. a6 Ra8 30. Qf3 Ra7 31. Ra3 Rd4 32. Nd2 Bf6 33. Re3 Bg4 34. Qc6 Qxc6 35.
Bxc6 Bc8 36. Bd5 e4 37. Nxe4 Be7 38. Nc3 Bxh4 39. Nb5 Rxa6 40. Rxa6 Bxa6 41.
Nxd4 cxd4 42. Re8 Bg5 43. Ra8 1-0

[Event "29th Czech Open A 2018"]
[Site "Pardubice CZE"]
[Date "2018.07.24"]
[Round "5.59"]
[White "Suta, Andraz"]
[Black "Mencinger, Vojko"]
[Result "0-1"]
[BlackTitle "IM"]
[WhiteElo "2197"]
[BlackElo "2342"]
[WhiteFideId "14613190"]
[BlackFideId "14600099"]
[EventDate "2018.07.20"]

1. e4 e5 2. Nf3 Nc6 3. Bb5 a6 4. Ba4 Nf6 5. O-O b5 6. Bb3 Bb7 7. Re1 Be7 8. c3
O-O 9. d4 d6 10. h3 h6 11. Nbd2 Re8 12. Nf1 Bf8 13. Ng3 Na5 14. Bc2 c5 15. d5
Nc4 16. Nh2 Bc8 17. Qf3 g6 18. a4 Nb6 19. axb5 axb5 20. Rxa8 Nxa8 21. Bd2 Nb6
22. b3 c4 23. b4 Bd7 24. Ra1 Na4 25. Qe2 Qc7 26. Qe1 Kh7 27. Be3 Bg7 28. f3 h5
29. Qd2 Ng8 30. Nhf1 Bh6 31. f4 exf4 32. Bxf4 Qd8 33. Ne2 Bxf4 34. Qxf4 Qf6 35.
Qd2 Qe5 36. Ne3 Nf6 37. Rf1 Kg7 38. Nd4 Nxe4 39. Bxe4 Qxe4 40. Rf3 Re5 41. Qf2
f5 42. Qg3 f4 43. Qh4 g5 44. Qxh5 g4 45. Nef5+ Bxf5 46. hxg4 Bg6 47. Qh4 Nxc3
48. Ne6+ Rxe6 49. dxe6 Ne2+ 50. Kf2 Qxe6 51. g5 c3 52. Qh6+ Kf7 53. Qh8 c2 54.
Ra3 Qe7 55. Ra7 Qxa7+ 56. Kxe2 Qe3+ 57. Kf1 Bd3# 0-1

[Event "29th Czech Open A 2018"]
[Site "Pardubice CZE"]
[Date "2018.07.24"]
[Round "5.60"]
[White "Swicarz, Maciej"]
[Black "Volotovsky, Kirill"]
[Result "1/2-1/2"]
[WhiteElo "2333"]
[BlackElo "2214"]
[WhiteFideId "1113585"]
[BlackFideId "14151634"]
[EventDate "2018.07.20"]

1. c4 e6 2. Nc3 Bb4 3. Qb3 c5 4. a3 Bxc3 5. Qxc3 Qf6 6. Qxf6 Nxf6 7. b4 b6 8.
Bb2 Nc6 9. b5 Ne7 10. e3 a6 11. Nf3 d6 12. d4 O-O 13. Bd3 Bb7 14. Nd2 Nd7 15.
Ne4 Bxe4 16. Bxe4 Ra7 17. Ke2 d5 18. Bd3 axb5 19. cxb5 Rfa8 20. Bc2 cxd4 21.
exd4 Nc8 22. Rhc1 Nd6 23. a4 g6 24. Bb3 Nf6 25. Rc6 Nc4 26. Bxc4 dxc4 27. Rxc4
Nd5 28. g3 Kf8 29. Kd3 Ke7 30. Kc2 Kd7 31. Kb3 h5 32. Bc1 Ra5 33. Ra2 R5a7 34.
Bd2 Kd8 35. Rc6 Kd7 36. Bb4 Ke8 37. Rd6 Rb7 38. Re2 Rd7 39. Rxd7 Kxd7 40. Rc2
Ra7 41. h4 Ra8 42. Ra2 Rb8 43. a5 bxa5 44. Rxa5 Rb7 45. Bc5 f5 46. Kc4 f4 47.
Ra6 fxg3 48. Rd6+ Kc7 49. fxg3 Ne3+ 50. Kd3 Nf5 51. b6+ Kc8 52. Rxe6 Nxg3 53.
Rxg6 Nf5 54. Rg5 Nxh4 55. Rxh5 Ng6 56. Rf5 Rg7 57. Kc4 Ne7 58. Bxe7 Rxe7 59.
Rc5+ Kb8 60. Rc6 Re1 61. Rc7 Rb1 62. Kc5 Rc1+ 63. Kd6 Rb1 64. Kc6 Rc1+ 65. Kd7
Rd1 66. Rc4 Kb7 67. Rb4 Re1 68. d5 Re5 69. Kd6 Re8 70. Rb1 Rd8+ 71. Kc5 Rc8+ 72.
Kb5 Rd8 73. Rd1 Rd6 74. Kc5 Rxb6 75. d6 Rc6+ 76. Kd5 Rc2 77. Ke6 Kc8 78. Rd5
Re2+ 79. Re5 Rxe5+ 80. Kxe5 Kd7 81. Kd5 Kd8 82. Ke6 Ke8 83. Kf5 Kd7 84. Ke5 Kd8
85. Ke6 Ke8 86. d7+ Kd8 87. Kd6 1/2-1/2

[Event "29th Czech Open A 2018"]
[Site "Pardubice CZE"]
[Date "2018.07.24"]
[Round "5.61"]
[White "Schroeder, Kevin"]
[Black "Head, Louise"]
[Result "1/2-1/2"]
[WhiteTitle "FM"]
[BlackTitle "WFM"]
[WhiteElo "2329"]
[BlackElo "2097"]
[WhiteFideId "12929840"]
[BlackFideId "424773"]
[EventDate "2018.07.20"]

1. c4 e5 2. Nc3 Bb4 3. g3 Bxc3 4. bxc3 d6 5. Bg2 Nc6 6. d4 Nge7 7. Rb1 O-O 8.
Ba3 Rb8 9. e3 b6 10. Nf3 f6 11. O-O Ba6 12. Nd2 Na5 13. Bb4 Bxc4 14. Nxc4 Nxc4
15. a4 Qe8 16. Qd3 Qf7 17. d5 Na5 18. Bxa5 bxa5 19. Rb5 f5 20. e4 f4 21. Bh3 Qh5
22. Be6+ Kh8 23. g4 Qh4 24. Rxb8 Rxb8 25. Rb1 Rb6 26. Rxb6 cxb6 27. Qb5 h5 28.
Qd7 f3 29. Qd8+ Kh7 30. Bg8+ Kh6 31. h3 hxg4 32. Qxd6+ Qf6 33. Qxf6+ gxf6 34. d6
Nc6 35. Kh2 Kg5 36. Bd5 Nd8 37. Kg3 gxh3 38. Kxf3 f5 39. Kg3 fxe4 40. Bxe4 Nf7
41. d7 Kf6 42. Kxh3 Ke7 43. Bc6 a6 44. Bb7 b5 45. Bd5 Nd8 46. f4 exf4 47. Kg4
Kxd7 48. Kxf4 Kd6 49. Bg8 Nb7 50. Ke3 Nc5 51. axb5 axb5 52. Bf7 Ke5 53. Be8 a4
54. Bxb5 a3 55. Bc4 Na4 56. Kd2 Nxc3 1/2-1/2

[Event "29th Czech Open A 2018"]
[Site "Pardubice CZE"]
[Date "2018.07.24"]
[Round "5.62"]
[White "Rakshitta, Ravi"]
[Black "Gheng, Josef"]
[Result "1-0"]
[BlackTitle "FM"]
[WhiteElo "2026"]
[BlackElo "2328"]
[WhiteFideId "25073230"]
[BlackFideId "4618041"]
[EventDate "2018.07.20"]

1. e4 e5 2. Nf3 Nc6 3. Bc4 Be7 4. d4 exd4 5. Nxd4 Ne5 6. Bb3 d6 7. Nc3 Nf6 8.
O-O O-O 9. Bf4 c6 10. h3 Re8 11. a4 a5 12. Bh2 Bf8 13. Kh1 Ned7 14. f3 Nc5 15.
Ba2 Qb6 16. Qd2 Na6 17. Rfe1 Nb4 18. Bb3 Rd8 19. Rad1 Bd7 20. Qf2 Be8 21. Qh4 d5
22. e5 Nd7 23. e6 fxe6 24. Nxe6 Rdc8 25. Bg1 Qa6 26. Bd4 Bg6 27. Nxg7 Bxg7 28.
Re7 Bxd4 29. Qxd4 Bf7 30. Qg4+ Bg6 31. Qe6+ Kf8 32. Rxd7 1-0